000 00979cam a2200241 4500
001 WB3734-32
008 010913n2001 000 0 eng u
035 _a(Sirsi) u114574
245 _aFarm sales ruling
260 _c2001
490 _aFarmers Guardian
_v7 September 2001, 4(1)
520 _aAmendment 11 of the Foot and Mouth Order which bans on-farm sales in Great Britain has provoked an angry response among livestock auctioneers. Chairman of the Livestock Auctioneers' Association claims that DEFRA failed to mention the ruling at a recent stakeholders meeting and the industry is disappointed after ensuring bio-security measures were in place as originally requested by DEFRA.
590 _aWB
650 _aLIVESTOCK AUCTIONEERS
650 _aLIVESTOCK AUCTIONS
650 _aFOOT-AND-MOUTH DISEASE
650 _aRESTRICTIONS
650 _aBIOSECURITY
650 _aLIVESTOCK MOVEMENT
650 _aFARM SALES
690 _aRural
_96268
942 _n0
999 _c68269
_d68269